Numerical taxonomy : the principles and practice of numerical classification
Αποθηκεύτηκε σε:
| Κύριος συγγραφέας: | |
|---|---|
| Άλλοι συγγραφείς: | |
| Μορφή: | Βιβλίο |
| Γλώσσα: | English |
| Δημοσίευση: |
San Francisco :
W. H. Freeman,
[c1973].
|
| Σειρά: | A Series of books in biology
|
| Θέματα: | |
| Ετικέτες: |
Προσθήκη ετικέτας
Δεν υπάρχουν, Καταχωρήστε ετικέτα πρώτοι!
|
MARC
| LEADER | 00000cam a2200000 i 4500 | ||
|---|---|---|---|
| 001 | 1/78294 | ||
| 008 | 970416s1973####us | ||| |||0 ||eng|| | ||
| 020 | |a 0716706970 | ||
| 035 | |l 10004538 | ||
| 040 | |a GR-MY-UA |b gre |e aacr | ||
| 041 | 0 | |a eng | |
| 082 | 0 | |a 574.012 | |
| 100 | 1 | |a Sneath, P. H. A. |q (Peter Henry Andrews), |d 1923-2011. | |
| 245 | 1 | 0 | |a Numerical taxonomy : |b the principles and practice of numerical classification / |c Peter H. A. Sneath, Robert R. Sokal. |
| 260 | |a San Francisco : |b W. H. Freeman, |c [c1973]. | ||
| 300 | |a xv, 573 σ. : |b εικ. ; |c 26 εκ. | ||
| 490 | 1 | |a (A Series of books in biology) | |
| 504 | |a Bibliography: p. [488]-547 | ||
| 650 | 0 | 0 | |a Numerical taxonomy. |
| 700 | 1 | |a Sokal, Robert R. | |
| 830 | 0 | |a A Series of books in biology | |
| 852 | |a INST |b LESVOS |e 19970416 |h 574.012 SNE |p 005100011536 |q 005100011536 |t BK |y 0 | ||
| 852 | |a INST |b SAMOS |e 20180322 |h 574.012 SNE |p 005300045344 |q 005300045344 |t BK |y 0 | ||
| 970 | |a Φιλιππή |b Φάλη |z 22-03-2018 | ||
| 909 | |a Λ |b 005830 | ||